| 000 | 00573nam a22001815i 4500 | ||
|---|---|---|---|
| 001 | 159393 | ||
| 003 | ES-MaACL | ||
| 005 | 20230906211559.0 | ||
| 008 | 040914q18841900fr |||| | fre d | ||
| 040 |
_aCAM _bspa _cCAM |
||
| 100 | 1 |
_aMendès, Catulle. _980102 |
|
| 245 | 1 | 0 |
_aJeunes filles / _cCatulle Mendès. |
| 250 | _a2e éd. | ||
| 260 |
_aParis : _bVictor Havard, _c[1884?] ( _eCorbeil : _fImprimerie B. Renaudet) |
||
| 300 |
_a332 p. ; _c17 cm. |
||
| 596 | _aProbablemente impreso a finales del siglo XIX. | ||
| 852 |
_aES-MaACL _jF-9836 _z-- Enc. pasta española |
||
| 999 |
_c159393 _d159393 |
||